000 00487pab a2200169 454500
008 180718b1997 xxu||||| |||| 00| 0 eng d
100 _aAlfiler, Ma Concepcion P.
245 _aLeadership studies in the Philippines: a review of the literature
260 _c1997
300 _ap.93-126
362 _aJan-Oct
650 _aLeadership - Philippines
650 _aLeadership
700 _aNicolas, Eleanor E.
773 _aPhilippine Journal of Public Administration
909 _a40430
999 _c40430
_d40430